LIBRARY & INFORMATION CENTRE, KCAET, TAVANUR

ONLINE PUBLIC ACCESS CATALOGUE (OPAC)

Methods of test for autoclaved cellular concrete products / (Record no. 7042)

MARC details
000 -LEADER
fixed length control field 01047cam a2200205ua 4500
041 ## - LANGUAGE CODE
Language code of text/sound track or separate title eng
082 ## - DEWEY DECIMAL CLASSIFICATION NUMBER
Classification number 666.9
Item number IND/ME
245 00 - TITLE STATEMENT
Title Methods of test for autoclaved cellular concrete products /
250 ## - EDITION STATEMENT
Edition statement 1 /
260 ## - PUBLICATION, DISTRIBUTION, ETC. (IMPRINT)
Place of publication New Delhi :
Name of publisher Indian standards institution ,
Year of publication 1981.
300 ## - PHYSICAL DESCRIPTION
Number of Pages 7 ; .
942 ## - ADDED ENTRY ELEMENTS (KOHA)
Koha item type Books
Holdings
Withdrawn status Lost status Damaged status Home library Current library Date acquired Full call number Accession Number Koha item type
      KAUAET   07/04/2012 666.9 17536 Books
      KAUAET KAUAET 07/04/2012 666.9 17540 Standards
      KAUAET KAUAET 07/04/2012 666.9 17538 Standards
free website counter